000 01025nam a22003017a 4500
001 9734
003 FISKH
005 20260130160002.0
008 260130b cb ||||| |||| 00| 0 eng d
020 _a9780545547406
040 _aFISKH
_beng
_cFISKH
_dFISKH
050 _aPZ7 .H7427 .Z
082 _a771
100 _aHolub , Joan
245 _aZero the hero /
_cBy Joan Holub & Tom Lichtenheld
250 _aFirst Scholastic printing , February 2013
260 _aNew York :
_bScholastic ,
_c2012 .
300 _a39 unnumbered pages :
_bcolor illustrations ;
_c21 X 25 cm .
505 _aK
520 _aZero believes that he is a hero, but the counting numbers think he is worthless until they get into trouble with some Roman numerals, and only Zero can help.
521 8 _a510
_bLexile estimate
521 8 _aK
_bRaz-Plus
650 _aPlace value
_vPicture book
650 _aSuperhero
_vPicture book
700 _aLichtenheld, Tom
_eIllustrator
942 _2ddc
_cBK
_n0
999 _c9734
_d9734